Word Ladder: Up in Space Quiz Stats

 Plays Quiz Updated Jul 2, 2014

Support Sporcle.
Go Orange.
Score 0/18 Timer 02:00
1 Play Today
Hint 4-Letter Word % Correct
'If you're happy and you know it ____ your hands'CLAP
98.1%
Judaic symbol, The ____ of DavidSTAR
97.8%
A ____ dunkSLAM
95.9%
Italy is shaped like thisBOOT
95.1%
To wound or pierce by the thrust of a pointed objectSTAB
95.1%
A large piece of stone or concreteSLAB
94.4%
Marine molluskCLAM
94%
A broad stroke made with an open handSLAP
93.5%
Where students live at a universityDORM
91.8%
Hint 4-Letter Word % Correct
Food fed to pigsSLOP
91%
Black, powdery residue from burningSOOT
90.9%
Fishing baitWORM
89.6%
Hole in a one-armed banditSLOT
84.7%
A division, floor, or room of a hospitalWARD
84.4%
What each part of this ladder isWORD
82.7%
Musical folk duo, The Civil ____WARS
76.1%
First-person shooter video game by id SoftwareDOOM
71.2%
A movie from the 1960's starring Elizabeth TaylorBOOM!
70%

Today's Daily Dose

Missing Word
Food in Lyrics

Word Ladder
Bouquet

You're not logged in!

Compare scores with friends on all Sporcle quizzes.
OR
Log In

From the Vault

Finish the Rock Band II

by cdill

We don't start rock bands, but we'll definitely finish them.
Remove Ads.
Support Sporcle.
Get the best of Sporcle when you Go Orange. This ad-free experience offers more features, more stats, and more fun while also helping to support Sporcle. Thank you for becoming a member.

Show Comments

Extras

Top Quizzes Today


Score Distribution

Your Account Isn't Verified!

In order to create a playlist on Sporcle, you need to verify the email address you used during registration. Go to your Sporcle Settings to finish the process.

Report this User

Report this user for behavior that violates our Community Guidelines.

Details: